[Event "Wch Blitz"]
[Site "Moscow"]
[Date "2009.11.16"]
[Round "3"]
[White "Gashimov, Vugar"]
[Black "Carlsen, Magnus"]
[Result "1-0"]
[WhiteElo "2758"]
[BlackElo "2801"]
[PlyCount "144"]
[EventDate "2009.11.16"]
[EventType "tourn (blitz)"]
[EventRounds "42"]
[EventCountry "RUS"]
[EventCategory "19"]
[WhiteTeam "Egypt"]
[BlackTeam "Norway"]
[WhiteTeamCountry "EGY"]
[BlackTeamCountry "NOR"]

1. e4 c5 2. Nc3 Nc6 3. Nf3 g6 4. d4 cxd4 5. Nxd4 Bg7 6. Be3 Nf6 7. Bc4 O-O 8.
Bb3 d6 9. h3 Bd7 10. O-O Qa5 11. Re1 Rfe8 12. Qe2 Rac8 13. Rad1 Nxd4 14. Bxd4
Bc6 15. Nd5 Nd7 16. Bxg7 Kxg7 17. Qe3 Nc5 18. Qd4+ e5 19. Qe3 Nxb3 20. axb3
Bxd5 21. Rxd5 Qa2 22. Qc1 Rc6 23. b4 b6 24. c3 a5 25. b5 Rc5 26. Red1 Qc4 27.
Rxd6 Rxb5 28. Qg5 Rc5 29. Qf6+ Kg8 30. Rd8 Rc8 31. Rxe8+ Rxe8 32. Qxb6 Qxe4 33.
Qxa5 Qc2 34. Qa1 Kg7 35. b4 Rc8 36. Rc1 Qb3 37. c4 Qxb4 38. Qxe5+ Kg8 39. c5
Qb5 40. Qd5 Kg7 41. Qd6 Qc6 42. Qd4+ Kg8 43. h4 h5 44. Kh2 Qc7+ 45. g3 Qc6 46.
Rc3 Re8 47. Re3 Rc8 48. Re5 Qc7 49. Rd5 Re8 50. Rd6 Rc8 51. c6 Qa5 52. Qf6 Qf5
53. Rd8+ Rxd8 54. Qxd8+ Kh7 55. Qd4 Qc2 56. Qf6 Qc4 57. Qd6 Qc2 58. Kg1 Qb1+
59. Kh2 Qc2 60. Qf6 Qc4 61. Kg2 Qd5+ 62. Qf3 Qc4 63. Kg1 Qc1+ 64. Kh2 Qc4 65.
Qf6 Kg8 66. Qd8+ Kg7 67. c7 Qc5 68. Kg2 Qc6+ 69. Kf1 Qc1+ 70. Ke2 Qc2+ 71. Ke3
Qc3+ 72. Ke4 Qc6+ 1-0

[Event "Wch Blitz"]
[Site "Moscow"]
[Date "2009.11.16"]
[Round "1"]
[White "Ivanchuk, Vassily"]
[Black "Carlsen, Magnus"]
[Result "0-1"]
[WhiteElo "2739"]
[BlackElo "2801"]
[PlyCount "102"]
[EventDate "2009.11.16"]
[EventType "tourn (blitz)"]
[EventRounds "42"]
[EventCountry "RUS"]
[EventCategory "19"]
[WhiteTeam "Egypt"]
[BlackTeam "Norway"]
[WhiteTeamCountry "EGY"]
[BlackTeamCountry "NOR"]

1. d4 Nf6 2. Bg5 e6 3. Nd2 h6 4. Bh4 c5 5. e3 cxd4 6. exd4 b6 7. Ngf3 Bb7 8.
Bd3 Be7 9. O-O d6 10. Re1 Nbd7 11. a4 a6 12. c3 O-O 13. Nc4 Qc7 14. Ne3 Rfe8
15. Bc2 Bf8 16. Qe2 Bc6 17. Bd3 Qb7 18. Nc2 e5 19. dxe5 dxe5 20. Bf5 g6 21. Bh3
g5 22. Bxd7 Nxd7 23. Bg3 f5 24. Nxe5 f4 25. Bxf4 gxf4 26. Qg4+ Bg7 27. Nxc6
Qxc6 28. Nd4 Qb7 29. Nf5 Nf6 30. Qg6 Kf8 31. Rxe8+ Nxe8 32. Nxh6 Nf6 33. Nf5
Qf7 34. Qg5 Qd7 35. Qxf4 Re8 36. Qb4+ Kg8 37. Nxg7 Kxg7 38. Qxb6 Qd2 39. h3 Re2
40. Qxa6 Qxb2 41. Rd1 Qc2 42. Rd4 Re1+ 43. Kh2 Qxf2 44. Qa7+ Kh6 45. Qc7 Qg1+
46. Kg3 Re3+ 47. Kh4 Qf2+ 48. g3 Rf3 49. Qe5 Rf5 50. Rf4 Rxe5 51. Rxf2 Rh5# 0-1

[Event "Wch Blitz"]
[Site "Moscow"]
[Date "2009.11.16"]
[Round "11"]
[White "Tkachiev, Vladislav"]
[Black "Carlsen, Magnus"]
[Result "0-1"]
[WhiteElo "2642"]
[BlackElo "2801"]
[PlyCount "54"]
[EventDate "2009.11.16"]
[EventType "tourn (blitz)"]
[EventRounds "42"]
[EventCountry "RUS"]
[EventCategory "19"]
[WhiteTeam "Egypt"]
[BlackTeam "Norway"]
[WhiteTeamCountry "EGY"]
[BlackTeamCountry "NOR"]

1. d4 d5 2. c4 dxc4 3. e3 e5 4. Bxc4 exd4 5. exd4 Nf6 6. Nf3 Be7 7. O-O O-O 8.
h3 Nbd7 9. Nc3 Nb6 10. Bb3 c6 11. Re1 Nbd5 12. Ne5 Be6 13. Bg5 Re8 14. Na4 h6
15. Bh4 Bb4 16. Rf1 Nf4 17. a3 Qxd4 18. Qxd4 Ne2+ 19. Kh1 Nxd4 20. Bxe6 Rxe6
21. axb4 Rxe5 22. Nb6 Rae8 23. Bxf6 gxf6 24. Nd7 Rf5 25. Rxa7 Re2 26. Rxb7 Rxb2
27. f4 Kg7 0-1

[Event "Wch Blitz"]
[Site "Moscow"]
[Date "2009.11.16"]
[Round "13"]
[White "Karjakin, Sergey"]
[Black "Carlsen, Magnus"]
[Result "0-1"]
[WhiteElo "2723"]
[BlackElo "2801"]
[PlyCount "46"]
[EventDate "2009.11.16"]
[EventType "tourn (blitz)"]
[EventRounds "42"]
[EventCountry "RUS"]
[EventCategory "19"]
[WhiteTeam "Egypt"]
[BlackTeam "Norway"]
[WhiteTeamCountry "EGY"]
[BlackTeamCountry "NOR"]

1. e4 c5 2. g3 g6 3. Bg2 Bg7 4. Ne2 d6 5. c3 Nf6 6. d4 O-O 7. O-O Nc6 8. h3 e5
9. Be3 cxd4 10. cxd4 exd4 11. Nxd4 Ne5 12. Nc3 Nc4 13. Bc1 Qb6 14. b3 Nxe4 15.
Nxe4 Qxd4 16. Qxd4 Bxd4 17. Rb1 d5 18. Rd1 dxe4 19. Rxd4 Ne5 20. Bh6 Re8 21.
Bxe4 Bf5 22. Kh1 Rad8 23. Ra4 b5 0-1

[Event "Wch Blitz"]
[Site "Moscow"]
[Date "2009.11.16"]
[Round "12"]
[White "Carlsen, Magnus"]
[Black "Dominguez Perez, Leinier"]
[Result "1/2-1/2"]
[WhiteElo "2801"]
[BlackElo "2719"]
[PlyCount "129"]
[EventDate "2009.11.16"]
[EventType "tourn (blitz)"]
[EventRounds "42"]
[EventCountry "RUS"]
[EventCategory "19"]
[WhiteTeam "Egypt"]
[BlackTeam "Norway"]
[WhiteTeamCountry "EGY"]
[BlackTeamCountry "NOR"]

1. d4 d5 2. c4 dxc4 3. Nf3 Nf6 4. e3 e6 5. Bxc4 a6 6. O-O c5 7. dxc5 Bxc5 8.
Qxd8+ Kxd8 9. Nbd2 Ke7 10. Be2 Bd7 11. Rd1 Rd8 12. Nb3 Ba7 13. Ne5 Nc6 14. Nxd7
Rxd7 15. Rxd7+ Nxd7 16. Bd2 Nc5 17. Na5 Nxa5 18. Bxa5 Rc8 19. Rc1 Kd7 20. Bf3
b6 21. Bc3 g6 22. Bd4 Bb8 23. Be2 e5 24. Bc3 Bd6 25. Rd1 Ke7 26. Be1 b5 27. Rc1
Kd7 28. Bb4 Nb7 29. Rd1 Ke7 30. Bc3 Nc5 31. Bd2 Na4 32. Rc1 Rxc1+ 33. Bxc1 e4
34. Bd1 Be5 35. Bxa4 bxa4 36. Kf1 Kd6 37. h3 Kd5 38. Ke2 Kc4 39. Kd2 f5 40. Kc2
h5 41. Bd2 Bd6 42. Bc3 Bc7 43. Bd2 Bd8 44. Bc3 Bh4 45. Be1 Be7 46. Ba5 Bd6 47.
b3+ axb3+ 48. axb3+ Kd5 49. Bd8 Bb4 50. Kd1 Kc5 51. Be7+ Kb5 52. Bf6 a5 53. Bd8
Bc3 54. Be7 Bb4 55. Bf6 Bc5 56. Kc2 Bb4 57. f3 Bc5 58. fxe4 fxe4 59. Kd2 Kb4
60. Bc3+ Kxb3 61. Bxa5 Bb4+ 62. Bxb4 Kxb4 63. Kc2 Kc4 64. h4 Kb4 65. Kb2
1/2-1/2

[Event "Wch Blitz"]
[Site "Moscow"]
[Date "2009.11.16"]
[Round "5"]
[White "Bareev, Evgeny"]
[Black "Carlsen, Magnus"]
[Result "0-1"]
[WhiteElo "2634"]
[BlackElo "2801"]
[PlyCount "51"]
[EventDate "2009.11.16"]
[EventType "tourn (blitz)"]
[EventRounds "42"]
[EventCountry "RUS"]
[EventCategory "19"]
[WhiteTeam "Egypt"]
[BlackTeam "Norway"]
[WhiteTeamCountry "EGY"]
[BlackTeamCountry "NOR"]

1. d4 d5 2. Nf3 Nf6 3. c4 c6 4. e3 a6 5. b3 Bf5 6. Bd3 Bg6 7. O-O e6 8. Nc3
Nbd7 9. Bb2 Bd6 10. Qc2 Bh5 11. Be2 O-O 12. h3 Qe7 13. Rad1 Rad8 14. Rfe1 Bb4
15. Qc1 Ne4 16. Nd2 Bxe2 17. Rxe2 f5 18. f4 g5 19. Nf3 Ng3 20. Rf2 g4 21. Ne5
Nxe5 22. dxe5 Qh4 23. Kh2 dxc4 24. bxc4 Rxd1 25. Qxd1 Rd8 26. Qc2 0-1

[Event "Wch Blitz"]
[Site "Moscow"]
[Date "2009.11.16"]
[Round "2"]
[White "Carlsen, Magnus"]
[Black "Kramnik, Vladimir"]
[Result "1-0"]
[WhiteElo "2801"]
[BlackElo "2772"]
[PlyCount "46"]
[EventDate "2009.11.16"]
[EventType "tourn (blitz)"]
[EventRounds "42"]
[EventCountry "RUS"]
[EventCategory "19"]
[WhiteTeam "Egypt"]
[BlackTeam "Norway"]
[WhiteTeamCountry "EGY"]
[BlackTeamCountry "NOR"]

1. e4 d5 2. exd5 Qxd5 3. Nc3 Qd6 4. d4 Nf6 5. Nf3 g6 6. Nb5 Qb6 7. c4 c6 8. Nc3
Bg7 9. Be2 O-O 10. O-O Bg4 11. h3 Bxf3 12. Bxf3 Rd8 13. d5 cxd5 14. cxd5 Na6
15. Qe2 Nb4 16. Rd1 Rac8 17. a3 Qa6 18. Qxa6 Nxa6 19. Nb5 Nc7 20. Nxa7 Ra8 21.
d6 Rxd6 22. Bf4 Rxa7 23. Bxd6 exd6 1-0

[Event "Moscow Tal Memorial 4th"]
[Site "Moscow"]
[Date "2009.11.07"]
[Round "3"]
[White "Gelfand, Boris"]
[Black "Carlsen, Magnus"]
[Result "1/2-1/2"]
[WhiteElo "2758"]
[BlackElo "2801"]
[PlyCount "53"]
[EventDate "2009.11.05"]
[EventType "tourn"]
[EventRounds "9"]
[EventCountry "RUS"]
[EventCategory "21"]
[WhiteTeam "Egypt"]
[BlackTeam "Norway"]
[WhiteTeamCountry "EGY"]
[BlackTeamCountry "NOR"]

1. d4 Nf6 2. c4 g6 3. Nc3 d5 4. Bg5 Ne4 5. Bh4 c5 6. cxd5 Nxc3 7. bxc3 Qxd5 8.
e3 Bg7 9. Nf3 cxd4 10. cxd4 Nc6 11. Be2 O-O 12. O-O Bf5 13. Nd2 e5 14. Bf3 Qd6
15. Nc4 Qb4 16. Bxc6 Qxc4 17. Bxb7 Rab8 18. Qf3 exd4 19. Bd5 Qb4 20. e4 Be6 21.
Rad1 Qc3 22. Qf4 Bxd5 23. exd5 Qc5 24. Bf6 Bxf6 25. Qxf6 Qxd5 26. Qxd4 Qxa2 27.
Ra1 1/2-1/2

[Event "Dortmund SuperGM"]
[Site "Dortmund"]
[Date "2009.07.12"]
[Round "10"]
[White "Carlsen, Magnus"]
[Black "Bacrot, Etienne"]
[Result "1/2-1/2"]
[WhiteElo "2772"]
[BlackElo "2721"]
[PlyCount "77"]
[EventDate "2009.07.02"]
[EventType "tourn"]
[EventRounds "10"]
[EventCountry "GER"]
[EventCategory "20"]
[WhiteTeam "Egypt"]
[BlackTeam "Norway"]
[WhiteTeamCountry "EGY"]
[BlackTeamCountry "NOR"]

1. d4 Nf6 2. c4 e6 3. Nc3 Bb4 4. Qc2 O-O 5. a3 Bxc3+ 6. Qxc3 d5 7. e3 b6 8. Nf3
Bb7 9. b3 Nbd7 10. Be2 c5 11. O-O Rc8 12. a4 dxc4 13. bxc4 Qc7 14. Rd1 Rfd8 15.
Bb2 cxd4 16. exd4 Qf4 17. Qe3 Qxe3 18. fxe3 a5 19. Nd2 Ne4 20. Nxe4 Bxe4 21.
Rdc1 Nc5 22. Ra3 Bc6 23. Bc3 Nxa4 24. Be1 Be8 25. Rb1 e5 26. Bh4 f6 27. dxe5 b5
28. cxb5 Nc3 29. Rb2 Nxe2+ 30. Rxe2 Rd1+ 31. Re1 Rcc1 32. Rxd1 Rxd1+ 33. Kf2 g5
34. Bg3 Bxb5 35. e4 fxe5 36. Rxa5 Rb1 37. Bxe5 Bc6 38. Bc3 Rb5 39. Rxb5 1/2-1/2

[Event "Dortmund SuperGM"]
[Site "Dortmund"]
[Date "2009.07.11"]
[Round "9"]
[White "Naiditsch, Arkadij"]
[Black "Carlsen, Magnus"]
[Result "1/2-1/2"]
[WhiteElo "2697"]
[BlackElo "2772"]
[PlyCount "63"]
[EventDate "2009.07.02"]
[EventType "tourn"]
[EventRounds "10"]
[EventCountry "GER"]
[EventCategory "20"]
[WhiteTeam "Egypt"]
[BlackTeam "Norway"]
[WhiteTeamCountry "EGY"]
[BlackTeamCountry "NOR"]

1. e4 c5 2. Nf3 Nc6 3. d4 cxd4 4. Nxd4 Nf6 5. Nc3 e5 6. Ndb5 d6 7. Bg5 a6 8.
Na3 b5 9. Nd5 Be7 10. Bxf6 Bxf6 11. c3 Bg5 12. Nc2 O-O 13. a4 bxa4 14. Rxa4 a5
15. Bc4 Bd7 16. O-O Ne7 17. Ra2 Nxd5 18. Bxd5 Rc8 19. Qd3 Qb6 20. Rfa1 Kh8 21.
Rxa5 f5 22. Qa6 Qxb2 23. R5a2 Qxc3 24. Qxd6 Bb5 25. Be6 Rfd8 26. Qa3 Qxa3 27.
Nxa3 Rc1+ 28. Rxc1 Bxc1 29. h4 Bd3 30. exf5 Ra8 31. Nb1 Rxa2 32. Bxa2 1/2-1/2

[Event "Dortmund SuperGM"]
[Site "Dortmund"]
[Date "2009.07.09"]
[Round "7"]
[White "Carlsen, Magnus"]
[Black "Leko, Peter"]
[Result "1/2-1/2"]
[WhiteElo "2772"]
[BlackElo "2756"]
[PlyCount "44"]
[EventDate "2009.07.02"]
[EventType "tourn"]
[EventRounds "10"]
[EventCountry "GER"]
[EventCategory "20"]
[WhiteTeam "Egypt"]
[BlackTeam "Norway"]
[WhiteTeamCountry "EGY"]
[BlackTeamCountry "NOR"]

1. e4 e5 2. Nf3 Nc6 3. Bb5 a6 4. Ba4 Nf6 5. O-O Be7 6. Re1 b5 7. Bb3 O-O 8. a4
b4 9. d4 d6 10. dxe5 dxe5 11. Qxd8 Rxd8 12. Nbd2 Bd6 13. a5 h6 14. Bc4 Re8 15.
Nb3 Be6 16. Bd3 Red8 17. Bf1 Kf8 18. Nfd2 Nd7 19. Nc4 Nc5 20. Nxc5 Bxc5 21. c3
f6 22. Be3 Bxe3 1/2-1/2

[Event "Dortmund SuperGM"]
[Site "Dortmund"]
[Date "2009.07.08"]
[Round "6"]
[White "Jakovenko, Dmitrij"]
[Black "Carlsen, Magnus"]
[Result "1/2-1/2"]
[WhiteElo "2760"]
[BlackElo "2772"]
[PlyCount "89"]
[EventDate "2009.07.02"]
[EventType "tourn"]
[EventRounds "10"]
[EventCountry "GER"]
[EventCategory "20"]
[WhiteTeam "Egypt"]
[BlackTeam "Norway"]
[WhiteTeamCountry "EGY"]
[BlackTeamCountry "NOR"]

1. e4 c5 2. Nf3 Nc6 3. d4 cxd4 4. Nxd4 Nf6 5. Nc3 e5 6. Ndb5 d6 7. Bg5 a6 8.
Na3 b5 9. Nd5 Be7 10. Bxf6 Bxf6 11. c3 Bg5 12. Nc2 Ne7 13. Ncb4 O-O 14. a4 bxa4
15. Qxa4 Nxd5 16. Nxd5 Bd7 17. Qc2 a5 18. Bc4 Rc8 19. Qe2 Kh8 20. O-O f5 21.
exf5 Bxf5 22. Bd3 Be6 23. Be4 Rb8 24. Qc2 Bg8 25. b3 Rb5 26. c4 Rb8 27. Nc3 Qb6
28. Rab1 h6 29. Bd5 Bh7 30. Be4 Bg8 31. g3 Qc5 32. Kg2 Bd8 33. Rbd1 Qb4 34. Rb1
Bb6 35. Nd5 Bxd5 36. Bxd5 Bd4 37. Be4 Qc3 38. Qe2 Rf6 39. Bd3 Qb4 40. h4 Qb7+
41. Be4 Qf7 42. Bd5 Qg6 43. Be4 Qf7 44. Bd5 Qg6 45. Be4 1/2-1/2

[Event "Dortmund SuperGM"]
[Site "Dortmund"]
[Date "2009.07.06"]
[Round "5"]
[White "Carlsen, Magnus"]
[Black "Naiditsch, Arkadij"]
[Result "1-0"]
[WhiteElo "2772"]
[BlackElo "2697"]
[PlyCount "119"]
[EventDate "2009.07.02"]
[EventType "tourn"]
[EventRounds "10"]
[EventCountry "GER"]
[EventCategory "20"]
[WhiteTeam "Egypt"]
[BlackTeam "Norway"]
[WhiteTeamCountry "EGY"]
[BlackTeamCountry "NOR"]

1. e4 e5 2. Nf3 Nc6 3. Bb5 Nf6 4. O-O Nxe4 5. d4 Nd6 6. Bxc6 dxc6 7. dxe5 Nf5
8. Qxd8+ Kxd8 9. Nc3 h6 10. h3 Ne7 11. Bf4 Ng6 12. Bg3 Ke8 13. Rad1 Bb4 14. Ne2
h5 15. Ned4 h4 16. Bh2 Nf8 17. Bf4 Bd7 18. Bg5 Be7 19. Rfe1 c5 20. e6 fxe6 21.
Bxe7 Kxe7 22. Nf5+ Kf6 23. Ne3 Be8 24. Ng4+ Ke7 25. Nge5 Bg6 26. Rd5 b6 27. Rd2
Bf5 28. Ng5 Kf6 29. f4 Ng6 30. Nd7+ Ke7 31. Nxe6 Bxe6 32. f5 Nf4 33. fxe6 Rhd8
34. Rf2 g5 35. Kh2 a5 36. a4 Rg8 37. Ne5 Rae8 38. Nf3 Nxe6 39. Re5 Kd6 40. Rd2+
Kc6 41. Rde2 Kd6 42. Nxg5 Ng7 43. Rxe8 Rxe8 44. Rxe8 Nxe8 45. Nf3 c4 46. Nxh4
c3 47. b3 Kc5 48. Nf5 Kb4 49. g4 Ka3 50. Kg3 Kb2 51. Ne3 Kc1 52. Kf3 Kd2 53. h4
Ng7 54. h5 Ne6 55. h6 c6 56. Ke4 b5 57. Ke5 Ng5 58. Kf5 Nf7 59. h7 Kxe3 60. g5
1-0

[Event "Dortmund SuperGM"]
[Site "Dortmund"]
[Date "2009.07.05"]
[Round "4"]
[White "Bacrot, Etienne"]
[Black "Carlsen, Magnus"]
[Result "1/2-1/2"]
[WhiteElo "2721"]
[BlackElo "2772"]
[PlyCount "91"]
[EventDate "2009.07.02"]
[EventType "tourn"]
[EventRounds "10"]
[EventCountry "GER"]
[EventCategory "20"]
[WhiteTeam "Egypt"]
[BlackTeam "Norway"]
[WhiteTeamCountry "EGY"]
[BlackTeamCountry "NOR"]

1. d4 Nf6 2. c4 e6 3. Nf3 d5 4. Nc3 c6 5. Bg5 h6 6. Bh4 dxc4 7. e4 b5 8. e5 g5
9. Nxg5 hxg5 10. Bxg5 Nbd7 11. g3 Bb7 12. Bg2 Qb6 13. exf6 c5 14. d5 O-O-O 15.
O-O b4 16. Na4 Qb5 17. a3 exd5 18. axb4 cxb4 19. Be3 Nc5 20. Qg4+ Rd7 21. Qg7
Bxg7 22. fxg7 Rg8 23. Nxc5 Rxg7 24. Bd4 Rc7 25. Nxb7 Rg6 26. Ra5 Qxb7 27. Bxd5
Qb8 28. Be5 Qb6 29. Bxc7 Qxc7 30. Rfa1 a6 31. Rxa6 Rxa6 32. Rxa6 c3 33. bxc3
bxc3 34. Be4 Qc4 35. Bf5+ Kd8 36. Ra1 Qe2 37. Kg2 Qe5 38. Rd1+ Ke7 39. Bb1 f5
40. h3 Kf6 41. Rd3 Qe4+ 42. Kh2 Qe1 43. Rf3 Qxb1 44. Rxc3 Qf1 45. Rf3 Ke5 46.
Rf4 1/2-1/2

[Event "Sofia MTel Masters 5th"]
[Site "Sofia"]
[Date "2009.05.21"]
[Round "8"]
[White "Ivanchuk, Vassily"]
[Black "Carlsen, Magnus"]
[Result "1/2-1/2"]
[WhiteElo "2746"]
[BlackElo "2770"]
[PlyCount "81"]
[EventDate "2009.05.13"]
[EventType "tourn"]
[EventRounds "10"]
[EventCountry "BUL"]
[EventCategory "21"]
[WhiteTeam "Egypt"]
[BlackTeam "Norway"]
[WhiteTeamCountry "EGY"]
[BlackTeamCountry "NOR"]

1. e4 c5 2. Nf3 Nc6 3. Nc3 g6 4. d4 cxd4 5. Nxd4 Bg7 6. Be3 Nf6 7. Bc4 O-O 8.
Bb3 d6 9. f3 Bd7 10. Qd2 Nxd4 11. Bxd4 b5 12. h4 a5 13. a4 bxa4 14. Bxa4 h5 15.
O-O Rb8 16. Bxd7 Nxd7 17. b3 Bxd4+ 18. Qxd4 Qb6 19. Qxb6 Nxb6 20. Nd1 Rfc8 21.
Ne3 Ra8 22. Ra2 a4 23. Rfa1 axb3 24. Rxa8 Nxa8 25. cxb3 Nb6 26. Ra7 Rc3 27. Kf2
e6 28. Rb7 Rxb3 29. Nc4 Rxf3+ 30. gxf3 Nxc4 31. Rb4 d5 32. exd5 exd5 33. Rb8+
Kg7 34. Rd8 Kf6 35. Rxd5 Ke6 36. Rb5 Nd6 37. Ra5 Nf5 38. Ra6+ Ke5 39. Ra5+ Ke6
40. Ra6+ Ke5 41. Ra5+ 1/2-1/2

[Event "Sofia MTel Masters 5th"]
[Site "Sofia"]
[Date "2009.05.20"]
[Round "7"]
[White "Carlsen, Magnus"]
[Black "Dominguez Perez, Leinier"]
[Result "1-0"]
[WhiteElo "2770"]
[BlackElo "2717"]
[PlyCount "85"]
[EventDate "2009.05.13"]
[EventType "tourn"]
[EventRounds "10"]
[EventCountry "BUL"]
[EventCategory "21"]
[WhiteTeam "Egypt"]
[BlackTeam "Norway"]
[WhiteTeamCountry "EGY"]
[BlackTeamCountry "NOR"]

1. d4 Nf6 2. c4 g6 3. Nc3 d5 4. Nf3 Bg7 5. Qb3 dxc4 6. Qxc4 O-O 7. e4 Nc6 8.
Be2 e5 9. d5 Nd4 10. Nxd4 exd4 11. Qxd4 c6 12. d6 Nd5 13. Qd3 Nxc3 14. bxc3 Qf6
15. Bb2 Rd8 16. Rd1 Qe6 17. f4 Qxa2 18. Rd2 Qa5 19. Qe3 Bd7 20. Kf2 Re8 21. Ra1
Qd8 22. c4 Bxb2 23. Rxb2 b6 24. Bf3 Qh4+ 25. Kg1 Qf6 26. Qd2 g5 27. g3 gxf4 28.
gxf4 Kh8 29. Kh1 Rg8 30. e5 Qh4 31. Qd4 Rg7 32. Rg2 Rag8 33. e6 Bxe6 34. Rxg7
Rxg7 35. Bxc6 f6 36. d7 Bxd7 37. Bxd7 Re7 38. Be6 Rxe6 39. Qd8+ Kg7 40. Rg1+
Kf7 41. Qg8+ Ke7 42. Rg7+ Kd6 43. Qf8+ 1-0

[Event "Sofia MTel Masters 5th"]
[Site "Sofia"]
[Date "2009.05.19"]
[Round "6"]
[White "Topalov, Veselin"]
[Black "Carlsen, Magnus"]
[Result "1/2-1/2"]
[WhiteElo "2812"]
[BlackElo "2770"]
[PlyCount "90"]
[EventDate "2009.05.13"]
[EventType "tourn"]
[EventRounds "10"]
[EventCountry "BUL"]
[EventCategory "21"]
[WhiteTeam "Egypt"]
[BlackTeam "Norway"]
[WhiteTeamCountry "EGY"]
[BlackTeamCountry "NOR"]

1. d4 Nf6 2. c4 e6 3. Nf3 d5 4. Nc3 Be7 5. Bg5 h6 6. Bh4 O-O 7. e3 Ne4 8. Bxe7
Qxe7 9. Rc1 Nxc3 10. Rxc3 c6 11. Be2 dxc4 12. Bxc4 Nd7 13. O-O e5 14. Bb3 Rd8
15. Re1 exd4 16. exd4 Qd6 17. Rd3 Nf8 18. d5 Bf5 19. Rd2 cxd5 20. Rxd5 Qf6 21.
Qd4 Be6 22. Qxf6 gxf6 23. Rh5 Bxb3 24. axb3 Ng6 25. Rxh6 Rd3 26. h4 Rad8 27.
Rh5 Rxb3 28. Rf5 Kg7 29. h5 Nf8 30. Re4 Nh7 31. Rg4+ Kh6 32. Rc4 Rxb2 33. g4 b5
34. Rd4 Rxd4 35. Nxd4 Rb4 36. Rd5 Ng5 37. Kg2 Ne6 38. Nf5+ Kh7 39. Kg3 Rb3+ 40.
Kh2 Rf3 41. Rd7 Ng5 42. Kg2 Rf4 43. Kg3 Rf3+ 44. Kg2 Rf4 45. Kg3 Rf3+ 1/2-1/2

[Event "Sofia MTel Masters 5th"]
[Site "Sofia"]
[Date "2009.05.17"]
[Round "5"]
[White "Wang Yue"]
[Black "Carlsen, Magnus"]
[Result "1/2-1/2"]
[WhiteElo "2738"]
[BlackElo "2770"]
[PlyCount "50"]
[EventDate "2009.05.13"]
[EventType "tourn"]
[EventRounds "10"]
[EventCountry "BUL"]
[EventCategory "21"]
[WhiteTeam "Egypt"]
[BlackTeam "Norway"]
[WhiteTeamCountry "EGY"]
[BlackTeamCountry "NOR"]

1. d4 Nf6 2. c4 g6 3. Nc3 d5 4. Bf4 Bg7 5. e3 c5 6. dxc5 Qa5 7. Rc1 dxc4 8.
Bxc4 O-O 9. Nge2 Qxc5 10. Qb3 Qa5 11. O-O Nbd7 12. a3 Nb6 13. Bc7 Bd7 14. Nd4
Rac8 15. Bxb6 Qxb6 16. Qxb6 axb6 17. Be2 Rc7 18. Ndb5 Rc6 19. Nd4 Rc7 20. Ndb5
Rc6 21. Rfd1 Rb8 22. Nd4 Rc7 23. Ndb5 Rc6 24. Nd4 Rc7 25. Ndb5 Rc6 1/2-1/2

[Event "Sofia MTel Masters 5th"]
[Site "Sofia"]
[Date "2009.05.16"]
[Round "4"]
[White "Carlsen, Magnus"]
[Black "Shirov, Alexei"]
[Result "1/2-1/2"]
[WhiteElo "2770"]
[BlackElo "2745"]
[PlyCount "78"]
[EventDate "2009.05.13"]
[EventType "tourn"]
[EventRounds "10"]
[EventCountry "BUL"]
[EventCategory "21"]
[WhiteTeam "Egypt"]
[BlackTeam "Norway"]
[WhiteTeamCountry "EGY"]
[BlackTeamCountry "NOR"]

1. d4 d5 2. c4 c6 3. Nf3 Nf6 4. Nc3 e6 5. Bg5 dxc4 6. e4 b5 7. e5 h6 8. Bh4 g5
9. Nxg5 hxg5 10. Bxg5 Nbd7 11. exf6 Bb7 12. g3 c5 13. d5 Qb6 14. Bg2 O-O-O 15.
O-O b4 16. Na4 Qb5 17. a3 exd5 18. axb4 cxb4 19. Qg4 d4 20. Bxb7+ Kxb7 21. Qe4+
Qc6 22. Qxd4 Bd6 23. Rfe1 Rde8 24. Re3 Ne5 25. h4 Re6 26. Bf4 Rhe8 27. Bxe5
Rxe5 28. Rxe5 Rxe5 29. Qg4 Ra5 30. h5 Rxa4 31. Rxa4 Qxa4 32. h6 Qc6 33. Qh5 c3
34. bxc3 bxc3 35. Qxf7+ Bc7 36. Qb3+ Bb6 37. Qf7+ Bc7 38. Qb3+ Bb6 39. Qf7+ Bc7
1/2-1/2

[Event "Sofia MTel Masters 5th"]
[Site "Sofia"]
[Date "2009.05.13"]
[Round "1"]
[White "Carlsen, Magnus"]
[Black "Topalov, Veselin"]
[Result "1-0"]
[WhiteElo "2770"]
[BlackElo "2812"]
[PlyCount "71"]
[EventDate "2009.05.13"]
[EventType "tourn"]
[EventRounds "10"]
[EventCountry "BUL"]
[EventCategory "21"]
[WhiteTeam "Egypt"]
[BlackTeam "Norway"]
[WhiteTeamCountry "EGY"]
[BlackTeamCountry "NOR"]

1. d4 d5 2. c4 c6 3. Nf3 Nf6 4. Nc3 e6 5. Bg5 h6 6. Bxf6 Qxf6 7. e3 Nd7 8. Bd3
dxc4 9. Bxc4 g6 10. O-O Bg7 11. e4 O-O 12. e5 Qe7 13. Qe2 b5 14. Bd3 Bb7 15.
Be4 Rfd8 16. Rac1 Rab8 17. Rfd1 a6 18. h4 Ba8 19. Rc2 Rdc8 20. Rdc1 Qf8 21. a4
c5 22. axb5 cxd4 23. Nxd4 Bxe4 24. Nxe4 Rxc2 25. Rxc2 axb5 26. Nc6 Rb6 27. f4
Qa8 28. Ne7+ Kh7 29. h5 Ra6 30. hxg6+ fxg6 31. Rc7 Ra1+ 32. Kf2 Qd8 33. Qd3
Qxe7 34. Rxd7 Qh4+ 35. Kf3 Qh5+ 36. Kg3 1-0

[Event "Linares 26th"]
[Site "Linares"]
[Date "2009.03.03"]
[Round "11"]
[White "Ivanchuk, Vassily"]
[Black "Carlsen, Magnus"]
[Result "1/2-1/2"]
[WhiteElo "2779"]
[BlackElo "2776"]
[PlyCount "44"]
[EventDate "2009.02.19"]
[EventType "tourn"]
[EventRounds "14"]
[EventCountry "ESP"]
[EventCategory "21"]
[WhiteTeam "Egypt"]
[BlackTeam "Norway"]
[WhiteTeamCountry "EGY"]
[BlackTeamCountry "NOR"]

1. d4 d5 2. c4 e6 3. Nf3 Nf6 4. Nc3 Be7 5. Bg5 h6 6. Bh4 O-O 7. e3 Ne4 8. Bxe7
Qxe7 9. Rc1 c6 10. Be2 Nxc3 11. Rxc3 dxc4 12. Rxc4 Nd7 13. O-O e5 14. Qc2 exd4
15. Nxd4 Nb6 16. Rc5 Nd7 17. Ra5 Nf6 18. Rc1 Bg4 19. Bf1 Bd7 20. Nf3 Bg4 21.
Nd4 Bd7 22. Nf3 Bg4 1/2-1/2

[Event "Linares 26th"]
[Site "Linares"]
[Date "2009.02.26"]
[Round "7"]
[White "Radjabov, Teimour"]
[Black "Carlsen, Magnus"]
[Result "1/2-1/2"]
[WhiteElo "2761"]
[BlackElo "2776"]
[PlyCount "67"]
[EventDate "2009.02.19"]
[EventType "tourn"]
[EventRounds "14"]
[EventCountry "ESP"]
[EventCategory "21"]
[WhiteTeam "Egypt"]
[BlackTeam "Norway"]
[WhiteTeamCountry "EGY"]
[BlackTeamCountry "NOR"]

1. e4 e5 2. Nf3 Nc6 3. Bc4 Bc5 4. c3 Nf6 5. d3 a6 6. Bb3 O-O 7. O-O d6 8. h3 h6
9. Re1 Ba7 10. Nbd2 Be6 11. Bc2 Re8 12. Nh2 d5 13. Qf3 dxe4 14. dxe4 Ne7 15.
Ndf1 Ng6 16. Be3 Bxe3 17. Nxe3 c6 18. Nf5 Bxf5 19. exf5 Nf4 20. Rad1 Qc7 21.
Ng4 N4h5 22. Re3 Nxg4 23. hxg4 Nf6 24. Qg3 Rad8 25. Rde1 Rd2 26. Bb3 Qd8 27. g5
hxg5 28. Qxg5 Nd5 29. Qh5 Qf6 30. Rh3 Kf8 31. Qg4 Kg8 32. Qh5 Kf8 33. Qg4 Kg8
34. Qh5 1/2-1/2